Ilgai laukta istorinės aprangos studija
| Titel: | Ilgai laukta istorinės aprangos studija |
|---|---|
| Verfasser: | |
| In: |
Kultūros paminklai, Band 10 (2003), Seite 211-213 alle Artikel anzeigen |
| Veröffentlicht: | 2003 |
| Format: | Aufsatz |
| Sprache: | Litauisch |
X
alg: 39482455 001A $01999:12-11-16 001B $01999:03-08-21 $t21:03:30.000 001C $06050:19-11-16 $t09:40:38.000 001D $01999:12-11-16 001U $0utf8 001X $00 002@ $0Aox 003@ $0394824555 007A $0394824555 $aHEB 007T $0Herdc0102291v 010@ $alit 011@ $a2003 021A $aIlgai laukta istorinės aprangos studija 028A $aMartinaitienė $dGražina Marija 031A $d10 $h211-213 $j2003 039B $aIn $8--Abvc--. Kultūros paminklai. - Vilnius : Savastis, 1994-. - ISSN 1392-155X $x200300000100000789 $9048665282 039T $8--Aau--Matušakaitė, Marija [Tnx]. Apranga XVI - XVIII a. Lietuvoje. - Vilnius : Aidai, 2003. - 389 S.. - zahlr. Ill.. - ISBN 9955-445-58-0 $9116248890 045F $a900.94793 $eDDC23BSB 045F/01 $a900 045F/03 $g4793 045T $a7,44 lok: 39482455 78 exp: 39482455 78 1 #EPN 201B/01 $018-11-16 $t12:51:20.000 201U/01 $0utf8 203@/01 $0791123154 208@/01 $a12-11-16 $be 209A/01 $a/ $f000 $x00 220C/01 $aTitelaufnehmer: it 220C/01 $aHerkunft: LII Vilnius / Irena Tumelytė 244Z/01 $2Trx $#Litauen $#Lithuania $#Litwa $#Litva $#Litva $8--Trx--Lietuva $x01 $9391193457 244Z/01 $2Trx $#arvustused $#recenzijos $#Reviews $#recenziók $#recenzje $#recenzie $#recenze $8--Trx--Rezensionen $x02 $9391357441 247C/01 $82080>Marburg/Lahn, Herder-Institut, Forschungsbibliothek, Bibliographieportal $9336309341
| LEADER | 00000caa a22000002c 4500 | ||
|---|---|---|---|
| 001 | 394824555 | ||
| 003 | DE-603 | ||
| 005 | 20210803210330.0 | ||
| 007 | tu | ||
| 008 | 161112s2003 xx |||| | u00||u|lit c | ||
| 035 | |a (DE-599)HEB394824555 | ||
| 040 | |a DE-603 |b ger |c DE-603 |d DE-603 | ||
| 041 | |a lit | ||
| 082 | 0 | 4 | |8 1\u |a 900.94793 |q DE-101 |2 23/BSB |
| 084 | |a 7,44 |2 ssgn | ||
| 085 | |8 1\u |b 900 | ||
| 085 | |8 1\u |z 2 |s 4793 | ||
| 100 | 1 | |a Martinaitienė, Gražina Marija | |
| 245 | 0 | 0 | |a Ilgai laukta istorinės aprangos studija |
| 264 | 0 | |c 2003 | |
| 773 | 0 | 8 | |i In |t Kultūros paminklai |d Vilnius : Savastis, 1994- |x 1392-155X |g Band 10 (2003), Seite 211-213 |w (DE-603)048665282 |w (DE-600)1292510-X |
| 787 | 0 | 8 | |i Rezension von |a Matušakaitė, Marija |t Apranga XVI - XVIII a. Lietuvoje |d Vilnius : Aidai, 2003 |h 389 S., zahlr. Ill. |z 9955445580 |w (DE-603)116248890 |
| 924 | 0 | |9 2080 |a (DE-603)791123154 |b DE-2080 |c HES |d d |g / | |


